| 000 | 00703nam a2200217Ia 4500 | ||
|---|---|---|---|
| 008 | 191130s2000##################000#0#eng## | ||
| 020 | _a9780849331374 | ||
| 022 | _a99044580 | ||
| 040 |
_aACL _cACL |
||
| 082 | _a384 TER | ||
| 245 |
_aThe telecommunications handbook _ceditors-in-chief, Kornel Terplan, Patricia Morreale |
||
| 260 |
_aBoca Raton, FL _bCRC Press _cc2000 |
||
| 300 | _a1 v. (various pagings) : ill. ; 26 cm. | ||
| 500 | _aIncludes bibliographical references and index | ||
| 650 | _aTelecommunication - Handbooks, manuals, etc | ||
| 700 | _aMorreale, Patricia | ||
| 700 | _aTerplan, Kornel | ||
| 990 | _aa077af90ac10000c069e4bece249e096 | ||
| 991 | _a337580 | ||
| 999 |
_c400856 _d400856 |
||